000
00182nam a22000857a 4500
020
_a
0536677697
050
_a
QA 154.3 .C6 2002
245
_a
College algebra volume 1
942
_2
lcc
_c
GEN
999
_c
12322
_d
12322